Pensamiento económico en Colombia : (Registro nro. 5583)
[ vista simple ]
| 000 -LEADER | |
|---|---|
| fixed length control field | 01475nam a2200313Ia 4500 |
| 003 - CONTROL NUMBER IDENTIFIER | |
| control field | OSt |
| 005 - DATE AND TIME OF LATEST TRANSACTION | |
| control field | 20200711011030.0 |
| 008 - FIXED-LENGTH DATA ELEMENTS--GENERAL INFORMATION | |
| fixed length control field | 191128t2013 ck fr 000 0dspa d |
| 020 ## - INTERNATIONAL STANDARD BOOK NUMBER | |
| International Standard Book Number | 9789587383201 |
| 040 ## - CATALOGING SOURCE | |
| Original cataloging agency | CO-JMCR |
| Transcribing agency | CO-JMCR |
| 041 0# - LANGUAGE CODE | |
| Language code of text/sound track or separate title | spa |
| 082 04 - DEWEY DECIMAL CLASSIFICATION NUMBER | |
| Classification number | 337.18 / |
| Item number | V715p |
| Edition number | 23 |
| 100 1# - MAIN ENTRY--PERSONAL NAME | |
| Personal name | Villamizar, Juan Carlos, |
| Relator term | autor |
| 9 (RLIN) | 7050 |
| 245 10 - TITLE STATEMENT | |
| Title | Pensamiento económico en Colombia : |
| Remainder of title | construcción de un saber, 1948-1970 / |
| Statement of responsibility, etc. | Juan Carlos Villamizar |
| 250 ## - EDITION STATEMENT | |
| Edition statement | Primera edición |
| 260 ## - PUBLICATION, DISTRIBUTION, ETC. | |
| Place of publication, distribution, etc. | Bogotá : |
| Name of publisher, distributor, etc. | Universidad del Rosario, |
| Date of publication, distribution, etc. | ©2013 |
| 300 ## - PHYSICAL DESCRIPTION | |
| Extent | xxvi, 379 páginas ; |
| Dimensions | 24 cm. |
| 490 0# - SERIES STATEMENT | |
| Series statement | Textos facultad de economía |
| 500 ## - GENERAL NOTE | |
| General note | Incluye datos biográficos del autor en solapa. |
| 504 ## - BIBLIOGRAPHY, ETC. NOTE | |
| Bibliography, etc. note | Bibliografía: páginas 333-364 |
| 505 0# - FORMATTED CONTENTS NOTE | |
| Formatted contents note | Las comunidades epistémicas -- El proyecto intelectual de la Cepal -- El desarrollo de América Latina: entre la Cepal y los Estados Unidos (1948-1970) -- Colombia y las ideas de la Cepal (1948-1958) -- Colombia y las ideas de la Cepal (1959-1970) |
| 520 3# - SUMMARY, ETC. | |
| Summary, etc. | Este libro analiza la historia del pensamiento económico en América Latina, especialmente el desarrollo del estructuralismo de la Cepal y su posible presencia en Colombia en las décadas de 1950 y 1960. |
| 650 14 - SUBJECT ADDED ENTRY--TOPICAL TERM | |
| Topical term or geographic name entry element | Historia económica |
| 9 (RLIN) | 7051 |
| 650 14 - SUBJECT ADDED ENTRY--TOPICAL TERM | |
| Topical term or geographic name entry element | Pensamiento económico |
| 9 (RLIN) | 7052 |
| 650 14 - SUBJECT ADDED ENTRY--TOPICAL TERM | |
| Topical term or geographic name entry element | Economía colombiana |
| 9 (RLIN) | 7053 |
| 650 14 - SUBJECT ADDED ENTRY--TOPICAL TERM | |
| Topical term or geographic name entry element | Desarrollo económico |
| 9 (RLIN) | 7054 |
| 650 14 - SUBJECT ADDED ENTRY--TOPICAL TERM | |
| Topical term or geographic name entry element | Economía internacional |
| 9 (RLIN) | 7055 |
| 942 ## - ADDED ENTRY ELEMENTS (KOHA) | |
| Source of classification or shelving scheme | Dewey Decimal Classification |
| Koha item type | Books |
| Withdrawn status | Lost status | Source of classification or shelving scheme | Damaged status | Not for loan | Collection code | Home library | Current library | Date acquired | Source of acquisition | Full call number | Barcode | Date last seen | Copy number | Koha item type | Total Checkouts | Price effective from |
|---|---|---|---|---|---|---|---|---|---|---|---|---|---|---|---|---|
| Dewey Decimal Classification | Non-fiction | Biblioteca Pública José María del Castillo y Rada | Biblioteca Pública José María del Castillo y Rada | 04/15/2018 | Donación | 337.18 / V715p | 430002246 | 05/16/2024 | Ej.1 | Books | ||||||
| Dewey Decimal Classification | Non-fiction | Biblioteca Pública José María del Castillo y Rada | Biblioteca Pública José María del Castillo y Rada | 04/15/2018 | Donación | 337.18 / V715p | 430002247 | 05/16/2024 | Ej.2 | Books | 07/11/2020 |